000 00501nam a2200169Ia 4500
008 210719s1997 xx 000 0 und d
041 _aeng
082 _a820.33 PADG
100 _aPADMANABHAN (Neela)
245 _aGenerations Tr by Ka Naa Subramaniam
260 _aChennai
_bMacmillan Publishers Ltd.
_c1997
300 _axiii,167
_bPB
365 _b115
_cRs
650 _aIndian English Fiction
650 _aIndian English Literature
906 _aby ; Generations ; Ka ; Naa ; Subramaniam ; Tr
999 _c214903
_d214903